| 000 | 01069cab a22001935a 4500 | ||
|---|---|---|---|
| 001 | L156441 | ||
| 008 | 120522e2012 xxk 000 0 eng d | ||
| 035 | _a(Sirsi) u156441 | ||
| 041 | 0 | _aeng | |
| 110 | 2 |
_aProperty Week _91549 |
|
| 245 | 0 | 0 | _aSmall investors could hold key to high street renaissance |
| 260 | _c2012 | ||
| 490 | 0 |
_aProperty Week _v78 (20) 18 May 2012, 38(1) |
|
| 520 | _aThe value of shops sold at retail auction was up by 1% in Q1 2012 according to the first issue of the new IPD UK Retail Auction Index. The new index will provide greater transparency on UK auction room price movements which are seen as seen as a leading indicator for the secondary market. The success of the lower-valued, auctioned shops this year contrasts with the 1.3% value drop of the more institutional high street shops. Smaller investors are the key to UK high street retail renaissance. Graph covers auctions and commercial retail values March 2003 - March 2012. | ||
| 590 | _aKA | ||
| 651 | 4 | _aUnited Kingdom | |
| 690 |
_aCommercial property _96227 |
||
| 942 | _n0 | ||
| 999 |
_c84015 _d84015 |
||